Представление документа в формате RUSMARC

ПолеНазваниеЗначение
  Тип записи a
  Библиографический уровень m
001 Контрольный номер b76ce5b0adb94b9aac18cc2570c0fad7
005 Дата корректировки 20140620092846.7
010 Индекс ISBN __
a ISBN 5-94798-437-7
200 Заглавие и сведения об ответственности 1_
a Заглавие Стратегия социального управления
e Сведения, относящиеся к заглавию учебник
f Первые сведения об ответственности И. К. Ларионов
210 Выходные данные 1_
a Место издания М.
c Издательство Дашков и К
d Дата издания 2004
215 Физическое описание __
a Объем 495 с.
610 Ключевые слова 0_
a Ключевые слова социальное управление
610 Ключевые слова 0_
a Ключевые слова учебник
610 Ключевые слова 0_
a Ключевые слова социальное развитие
610 Ключевые слова 0_
a Ключевые слова Россия
610 Ключевые слова 0_
a Ключевые слова собственность
610 Ключевые слова 0_
a Ключевые слова власть
610 Ключевые слова 0_
a Ключевые слова корпоративное строительство
610 Ключевые слова 0_
a Ключевые слова корпорации
610 Ключевые слова 0_
a Ключевые слова социально-экономическое положение
686 Индексы других классификаций __
a Классификационный индекс 60.550.37я73
2 Код системы rubbk
686 Индексы других классификаций __
a Классификационный индекс 65.050.9(2)я73
2 Код системы rubbk
700 Автор _1
a Фамилия Ларионов
b Имя И. К.
g Полное личное имя Игорь Константинович
801 Источник записи _0
a Страна RU
b Организация РУК
c Дата составления 20041111
g Правила каталогизации PSBO
801 Источник записи _1
a Страна RU
b Организация РУК
c Дата составления 20041111
g Правила каталогизации PSBO
852 Данные о местонахождении __
i Авторский знак Л 25
j Шифр хранения ББК 60.5
901 Тип документа __
t Тип документа m
938 Служебная информация __
a Название организации Головной вуз
b Имя БД BOOK
c Название АИБС АИБС ИРБИС